La responsabilidad civil en las relaciones familiares

Bibliographic Details
Format: eBook
Language:Spanish
Published: Madrid : Dykinson, 2012
Subjects:
Online Access:Acceso restringido

MARC

LEADER 00000nam a22000007a 4500
005 20140128183648.0
007 cr|||| ||||
008 140128s2012 sp |||||s|||| 00||0 spa d
020 |a 978-84-9031-713-6 
035 |a 11736 
040 |a vLex 
090 |c 4677  |d 4677 
245 0 3 |a La responsabilidad civil en las relaciones familiares  |h [Recurso electrn̤ico]  
256 |a Servicio en ln̕ea 
260 |a Madrid :  |b Dykinson,  |c 2012 
300 |a 1 recurso electrn̤ico 
506 1 |a contenido solo disponible en los productos indicados  |d vLex Global  |d vLex Global (Academic Edition, excluding Law Schools)  |d vLex Global (U.S. Academic Edition, Law Schools)  |d vLex Global (U.S. Academic Edition, excluding Law Schools)  |d vLex Global (Academic Edition, Law Schools) 
650 0 4 |a Derecho civil 
740 0 |a vLex Libros (Servicio en ln̕ea) 
856 4 0 |u http://vlex.com/source/responsabilidad-civil-en-las-relaciones-familiares-11736  |z Acceso restringido 
942 |c BOOK 
999 0 |a Civil law